| 000 | 01227cam a2200361 a 4500 | ||
|---|---|---|---|
| 999 |
_c27171 _d27171 |
||
| 001 | 4492271 | ||
| 003 | OSt | ||
| 005 | 20170207145213.0 | ||
| 008 | 970310s1997 enka b 001 0 eng d | ||
| 010 | _a 97060253 | ||
| 015 | _aGB97-72061 | ||
| 020 | _a0500203083 | ||
| 024 | 3 | 0 |
_a780500203088 _d90000 |
| 035 | _a(OCoLC)37929293 | ||
| 040 |
_aUk _cUk _dIWhN _dABAU _dOrU _dDLC |
||
| 042 | _alccopycat | ||
| 043 | _aa-cc-ti | ||
| 050 | 0 | 4 |
_aN7346.T5 _bF57 1997 |
| 100 | 1 |
_aFisher, Robert E., _d1940 October 5- |
|
| 245 | 1 | 0 |
_aArt of Tibet / _cRobert E. Fisher. |
| 260 |
_aLondon ; _aNew York : _bThames & Hudson, _c1997. |
||
| 300 |
_a224 p. : _bill. (chiefly col.) ; _c21 cm. |
||
| 440 | 0 | _aWorld of art | |
| 504 | _aIncludes bibliographical references (p. 218-219) and index. | ||
| 650 | 0 | _aArt, Tibetan. | |
| 650 | 0 |
_aArt, Tibetan _xHistory. |
|
| 906 |
_a7 _bcbc _ccopycat _d2 _eopcn _f19 _gy-gencatlg |
||
| 942 |
_2lcc _cBOOKS _hN 7346 .T5F57 1997 |
||